<?xml version='1.0' encoding='UTF-8'?>
  <record xmlns="http://www.loc.gov/MARC21/slim">
    <leader>00000cam a2200000 i 4500</leader>
    <controlfield tag="001">ocm68066458</controlfield>
    <controlfield tag="003">OCoLC</controlfield>
    <controlfield tag="005">20260123164724.3</controlfield>
    <controlfield tag="008">980928s1584    gw            000 0 lat d</controlfield>
    <datafield tag="040" ind1=" " ind2=" ">
      <subfield code="a">NLGGC</subfield>
      <subfield code="b">eng</subfield>
      <subfield code="e">rda</subfield>
      <subfield code="e">dcrmr</subfield>
      <subfield code="c">NLGGC</subfield>
      <subfield code="d">OCLCO</subfield>
      <subfield code="d">OCLCL</subfield>
      <subfield code="d">QGJ</subfield>
      <subfield code="d">OCLCQ</subfield>
    </datafield>
    <datafield tag="029" ind1="0" ind2=" ">
      <subfield code="a">NLGGC</subfield>
      <subfield code="b">17360899X</subfield>
    </datafield>
    <datafield tag="035" ind1=" " ind2=" ">
      <subfield code="a">(OCoLC)68066458</subfield>
    </datafield>
    <datafield tag="245" ind1="0" ind2="0">
      <subfield code="a">Sententiae Sanctorum Patrum, de coena  Domini /</subfield>
      <subfield code="c">bona fide recitatae et editae VVittebergae, a Philippo Melanchthone anno M.D.XXX. ; quibus addita epistola Philippi Melanchthonis, &amp; Joannis Brentii eodem anno scripta.</subfield>
    </datafield>
    <datafield tag="246" ind1="3" ind2=" ">
      <subfield code="a">Sententiae Sanctorvm Patrvm, de coena  Domini</subfield>
    </datafield>
    <datafield tag="260" ind1=" " ind2=" ">
      <subfield code="a">Heydelbergae, :</subfield>
      <subfield code="b">ad prioris exemplaris fidem excudebat Iohannes Spies,</subfield>
      <subfield code="c">M. D. LXXXIIII. [1584]</subfield>
    </datafield>
    <datafield tag="300" ind1=" " ind2=" ">
      <subfield code="a">16 leaves ;</subfield>
      <subfield code="c">20 cm (4to)</subfield>
    </datafield>
    <datafield tag="336" ind1=" " ind2=" ">
      <subfield code="a">text</subfield>
      <subfield code="b">txt</subfield>
      <subfield code="2">rdacontent</subfield>
    </datafield>
    <datafield tag="337" ind1=" " ind2=" ">
      <subfield code="a">unmediated</subfield>
      <subfield code="b">n</subfield>
      <subfield code="2">rdamedia</subfield>
    </datafield>
    <datafield tag="338" ind1=" " ind2=" ">
      <subfield code="a">volume</subfield>
      <subfield code="b">nc</subfield>
      <subfield code="2">rdacarrier</subfield>
    </datafield>
    <datafield tag="340" ind1=" " ind2=" ">
      <subfield code="m">4to</subfield>
      <subfield code="2">rdabf</subfield>
    </datafield>
    <datafield tag="500" ind1=" " ind2=" ">
      <subfield code="a">Contains also: Epistola D. Philippi Melanchthonis, et Ioannis Brentii: scripta ad illustrissimum Principum Philippum Landgrauium Hassiae, Anno M. D. XXX.</subfield>
    </datafield>
    <datafield tag="500" ind1=" " ind2=" ">
      <subfield code="a">Initials.</subfield>
    </datafield>
    <datafield tag="500" ind1=" " ind2=" ">
      <subfield code="a">Signatures: A-D⁴; D4v is blank.</subfield>
    </datafield>
    <datafield tag="510" ind1="4" ind2=" ">
      <subfield code="a">Verzeichnis der im deutschen Sprachbereich erschienenen Drucke des 16. Jahrhunderts (VD 16),</subfield>
      <subfield code="c">M 4228</subfield>
      <subfield code="u">https://gateway-bayern.de/VD16+M+4228</subfield>
    </datafield>
    <datafield tag="510" ind1="4" ind2=" ">
      <subfield code="a">Adams, H.M. Catalogue of books printed on the continent of Europe, 1501-1600, in Cambridge libraries,</subfield>
      <subfield code="c">M 1196</subfield>
    </datafield>
    <datafield tag="650" ind1=" " ind2="0">
      <subfield code="a">Lord's Supper</subfield>
      <subfield code="x">Bread and wine</subfield>
      <subfield code="v">Early works to 1800.</subfield>
    </datafield>
    <datafield tag="650" ind1=" " ind2="6">
      <subfield code="a">Eucharistie</subfield>
      <subfield code="x">Pain et vin</subfield>
      <subfield code="v">Ouvrages avant 1800.</subfield>
    </datafield>
    <datafield tag="650" ind1=" " ind2="7">
      <subfield code="a">Lord's Supper</subfield>
      <subfield code="x">Bread and wine</subfield>
      <subfield code="2">fast</subfield>
    </datafield>
    <datafield tag="655" ind1=" " ind2="7">
      <subfield code="a">Early works</subfield>
      <subfield code="2">fast</subfield>
    </datafield>
    <datafield tag="700" ind1="1" ind2=" ">
      <subfield code="a">Melanchthon, Philip,</subfield>
      <subfield code="d">1497-1560,</subfield>
      <subfield code="e">compiler,</subfield>
      <subfield code="e">correspondent.</subfield>
      <subfield code="4">com</subfield>
      <subfield code="4">crp</subfield>
      <subfield code="1">https://id.oclc.org/worldcat/entity/E39PBJqQtH68krrpJcG6Tt8cT3</subfield>
    </datafield>
    <datafield tag="700" ind1="1" ind2=" ">
      <subfield code="a">Brenz, Johannes,</subfield>
      <subfield code="d">1499-1570,</subfield>
      <subfield code="e">correspondent.</subfield>
      <subfield code="4">crp</subfield>
      <subfield code="1">https://id.oclc.org/worldcat/entity/E39PBJmXQ9kGjYWtVCGMqW4rMP</subfield>
    </datafield>
    <datafield tag="700" ind1="1" ind2=" ">
      <subfield code="a">Myconius, Friedrich,</subfield>
      <subfield code="d">1490-1546,</subfield>
      <subfield code="e">dedicatee.</subfield>
      <subfield code="4">dte</subfield>
    </datafield>
    <datafield tag="700" ind1="0" ind2=" ">
      <subfield code="a">Philipp</subfield>
      <subfield code="b">I,</subfield>
      <subfield code="c">Landgraf von Hessen,</subfield>
      <subfield code="d">1504-1567,</subfield>
      <subfield code="e">addressee.</subfield>
      <subfield code="4">rcp</subfield>
    </datafield>
    <datafield tag="700" ind1="1" ind2=" ">
      <subfield code="a">Spies, Johann,</subfield>
      <subfield code="d">approximately 1540-1623,</subfield>
      <subfield code="e">printer.</subfield>
      <subfield code="4">prt</subfield>
    </datafield>
    <datafield tag="752" ind1=" " ind2=" ">
      <subfield code="a">Germany</subfield>
      <subfield code="d">Heidelberg,</subfield>
      <subfield code="e">publication place.</subfield>
      <subfield code="4">pup</subfield>
    </datafield>
    <datafield tag="758" ind1=" " ind2=" ">
      <subfield code="a">Sententiae sanctorum patrum de coena Domini (Text)</subfield>
      <subfield code="1">https://id.oclc.org/worldcat/entity/E39PCFX4H3WbGtqYjcKgt6VdXq</subfield>
      <subfield code="4">https://id.oclc.org/worldcat/ontology/hasWork</subfield>
    </datafield>
    <datafield tag="936" ind1=" " ind2=" ">
      <subfield code="a">BATCHLOAD</subfield>
    </datafield>
  </record>